00000000nam##2200000za#4500
0019.534750
003CaOODSP
00520210615083634
007ta
008150406|1998||||xxc|||||     f|0| 0 eng|d
040 |aCaOODSP|beng
041 |aeng
041 |afre
043 |an-cn---
0861 |aNH14-1/0392
1102 |aCanada Mortgage and Housing Corporation.
24510|aOne-stop approval for minor residential renovations / |cby André Fortin, prepared by Julie Tasker-Brown.
260 |aOttawa - Ontario : |bCanada Mortgage and Housing Corporation |c1998.
300 |aEnglish text, i, 15p. : |billus. ; |c28 cm.
4901 |aAffordability and Choice Today (ACT) regulatory reform project|v0392
546 |aBilingual
563 |aSoftcover
590 |a01-05|b2001-02-02
69007|aHome renovations|2gcpds
69007|aHousing|2gcpds
69007|aPermits|2gcpds
7201 |aTasker-Brown, Julie
7201 |aFortin, André
7760#|tProjet d'autorisation instantanée pour les transformations résidentielles mineures / |w(CaOODSP)9.588090
792 |tProjet d'autorisation instantanée pour les transformations résidentielles mineurs / |efre|w(CaOODSP)9.534751
830#0|aAffordability and Choice Today (ACT) regulatory reform project ;|v0392|w(CaOODSP)9.509540
986 |aPB 0392